Human Services: Concepts and intervention strategies (Record no. 225273)

MARC details
000 -LEADER
fixed length control field 00374nam a2200145Ia 4500
008 - FIXED-LENGTH DATA ELEMENTS--GENERAL INFORMATION
fixed length control field 230917s9999||||xx |||||||||||||| ||und||
040 ## - CATALOGING SOURCE
-- 124950
Original cataloging agency VIVEKANANDA LIBRARY
041 ## - Language
-- English
082 ## - DDC NUMBER
Classification number 361 M474H
100 ## - MAIN ENTRY--PERSONAL NAME
Personal name Mehr, Josph
245 #0 - TITLE STATEMENT
Title Human Services: Concepts and intervention strategies
260 ## - PUBLICATION, DISTRIBUTION, ETC. (IMPRINT)
Place of publication, distribution, etc London
Name of publisher, distributor, etc Allyn and Bacon
Date of publication, distribution, etc 1980
300 ## - PHYSICAL DESCRIPTION
Pages 286 p.
942 ## - ADDED ENTRY ELEMENTS (KOHA)
Koha item type Books
Holdings
Withdrawn status Lost status Damaged status Not for loan Location (home branch) Sublocation or collection (holding branch) Date acquired Koha issues (times borrowed) Koha full call number Accession No. Koha date last seen Koha item type
        VIVEKANANDA LIBRARY VIVEKANANDA LIBRARY 29/09/2009   361 M474H 92126 17/09/2023 Books
© Designed and Maintained by Vivekananda Library, MDU Rohtak